|
|
|
|
| LEADER |
00000cam a2200000 a 4500 |
| 005 |
20111123143556.0 |
| 007 |
cr|||| |||| |
| 008 |
100531s2010 spc b 000 0 spa c |
| 017 |
|
|
|a DL B. 23239-2010
|a DL B. 23431-2010
|b Biblioteca de Catalunya
|
| 020 |
|
|
|a 9788476989005
|
| 035 |
|
|
|a 6015
|
| 040 |
|
|
|d vLex
|
| 043 |
|
|
|a e-sp---
|
| 080 |
|
|
|a 343.359.2(460)
|
| 090 |
|
|
|c 2785
|d 2785
|
| 100 |
1 |
|
|a Colina Ramr̕ez, Edgar Ivǹ
|
| 245 |
1 |
3 |
|a La Defraudacin̤ tributaria en el cd̤igo penal espaǫl
|h [Recurso electrn̤ico] :
|b anl̀isis jurd̕ico-dogmt̀ico del art. 305 CP /
|c Edgar Ivǹ Colina Ramr̕ez ; prl̤ogo de Miguel Polaino-Orts
|
| 256 |
|
|
|a Servicio en ln̕ea
|
| 260 |
|
|
|a Barcelona :
|b J.M. Bosch,
|c 2010
|
| 300 |
|
|
|a 1 recurso electrn̤ico
|
| 500 |
|
|
|a Reimpresions: 2010
|
| 504 |
|
|
|a Bibliografa̕ p. [345]-372
|
| 506 |
1 |
|
|a Contenido solo disponible en los productos indicados
|d vLex Global
|d vLex Global (Academic Edition, excluding Law Schools)
|d vLex Global (U.S. Academic Edition, Law Schools)
|d vLex Global (U.S. Academic Edition, excluding Law Schools)
|d vLex Global (Academic Edition, Law Schools)
|
| 610 |
1 |
4 |
|a Espaą.
|t Cd̤igo penal (1995)
|
| 650 |
0 |
4 |
|a Fraude fiscal
|z Espaą
|
| 650 |
0 |
4 |
|a Delitos fiscales
|z Espaą
|x Aspectos legales
|
| 650 |
0 |
4 |
|a Procedimento penal
|z Espaą
|
| 740 |
0 |
|
|a vLex Libros (Servicio en ln̕ea)
|
| 830 |
|
0 |
|a Bosch penal
|
| 856 |
4 |
0 |
|u http://vlex.com/source/defraudacion-tributaria-codigo-penal-espa-ol-analisis-juridico-dogmatico-del-art-305-cp-6015
|z Acceso restringido
|
| 942 |
|
|
|c BOOK
|